Statistiques concernant Nourriture qui commence par C

Cliquez ici pour prendre le quiz!

Statistiques générales

  • Ce quiz a été pris 130 fois
  • Le résultat moyen est 13 sur 16

Statistiques - réponses

Réponse% Correct
Chocolat
97%
Citron
97%
Croissant
97%
Café
96%
Cerise
96%
Chèvre
95%
Crèpe
95%
Canard
94%
Cacahuète
93%
Céréale
87%
Céleri
71%
Calamar | Calmar
65%
Cèpe
63%
Cassis
52%
Cabillaud
34%
Carambole
27%

Distribution des résultats

Percentile par nombre de réponses

% des personnes avec chaque résultat

Votre développement - résultats

Vous n’avez pas pris ce quiz